हास्य व्यंग्य कोश : कभी-कभी यह भी होता है खण्ड-4 (Record no. 160301)
[ view plain ]
| 000 -LEADER | |
|---|---|
| fixed length control field | 00491nam a2200145Ia 4500 |
| 008 - FIXED-LENGTH DATA ELEMENTS--GENERAL INFORMATION | |
| fixed length control field | 230917s9999||||xx |||||||||||||| ||und|| |
| 040 ## - CATALOGING SOURCE | |
| -- | 200598 |
| Original cataloging agency | VIVEKANANDA LIBRARY |
| 041 ## - Language | |
| -- | English |
| 082 ## - DDC NUMBER | |
| Classification number | 891.437731 AR84H |
| 100 ## - MAIN ENTRY--PERSONAL NAME | |
| Personal name | अरूण |
| 245 #0 - TITLE STATEMENT | |
| Title | हास्य व्यंग्य कोश : कभी-कभी यह भी होता है खण्ड-4 |
| 260 ## - PUBLICATION, DISTRIBUTION, ETC. (IMPRINT) | |
| Place of publication, distribution, etc | नई दिल्ली |
| Name of publisher, distributor, etc | नमन प्रकाशन |
| Date of publication, distribution, etc | 2008 |
| 300 ## - PHYSICAL DESCRIPTION | |
| Pages | 351 पृ. p. |
| 942 ## - ADDED ENTRY ELEMENTS (KOHA) | |
| Koha item type | Books |
| Withdrawn status | Lost status | Damaged status | Not for loan | Location (home branch) | Sublocation or collection (holding branch) | Date acquired | Koha issues (times borrowed) | Koha full call number | Accession No. | Koha date last seen | Koha item type |
|---|---|---|---|---|---|---|---|---|---|---|---|
| VIVEKANANDA LIBRARY | VIVEKANANDA LIBRARY | 13/07/2012 | 1 | 891.437731 AR84H | 293846 | 19/05/2025 | Books |
